| 000 | 00619cam a22002174a 4500 | ||
|---|---|---|---|
| 005 | 20250605164147.0 | ||
| 008 | 250528s ||||||||||||||||||||||||d | ||
| 035 | _a19206 | ||
| 020 | _a22815952 | ||
| 040 |
_aGR-AtMCL _bgre _dGR-AtMCL _eAACR2 |
||
| 245 | 1 | _aAn Advanced French Vocabulary | |
| 250 | _a1st | ||
| 260 | _c1958 | ||
| 300 | _a104 | ||
| 520 | _aVocabulaire Choisi, Ordinary Words with Two or More Useful Meanings, Qu'est-ce que ca veut Dire?, What's the French For...?. | ||
| 700 | 1 |
_aKirk-Greene C.W.E _95445 |
|
| 700 | 1 |
_aMethuen _9168 |
|
| 942 | _cBK | ||
| 999 |
_c4474 _d4474 |
||